La prostitución: debates políticos y éticos /

Bewaard in:
Bibliografische gegevens
Hoofdauteur: Chejter, Silvia
Formaat: Boek
Taal:Spanish
Tags: Voeg label toe
Geen labels, Wees de eerste die dit record labelt!

MARC

LEADER 00000nam a22000007a 4500
003 cru CIDCACS/IIS
005 20170719134859.0
007 ta
008 170719s2016 ag ||||| |||| 00| 0 spa d
999 |c 19454  |d 19454 
040 |c cru CIDCACS/IIS 
100 1 |9 4993  |a Chejter, Silvia 
245 1 3 |a La prostitución:  |b debates políticos y éticos /  |c Silvia Chejter 
300 |a páginas 58-76 
773 0 |0 19022  |9 1034  |a Fundación Friedrich Ebert  |d Fundación Friedrich Ebert; Nueva Sociedad  |o 19050  |t Nueva Sociedad / 
942 |2 ddc  |c PP